| Tag |
First Indicator |
Second Indicator |
Subfields |
| LEADER |
00000cam a2200000 a 4500 |
| 001 |
in00000070120 |
| 005 |
20151008061611.0 |
| 008 |
820329s1981 nyua b 00010 eng |
| 010 |
|
|
|a 80000941
|
| 020 |
|
|
|a 0385159951 (pbk.) :
|c $9.95
|
| 035 |
|
|
|a (OCoLC)07128598
|
| 035 |
|
|
|9 AAJ8409AM
|
| 039 |
0 |
|
|a 2
|b 3
|c 3
|d 3
|e 3
|
| 040 |
|
|
|a DLC
|c DLC
|d TXA
|d UtOrBLW
|
| 043 |
|
|
|a n-us---
|
| 049 |
|
|
|a TXAM
|c [1561508]
|
| 050 |
0 |
0 |
|a HD8037.U5
|b H44
|
| 082 |
0 |
|
|a 658/.041
|2 19
|
| 100 |
1 |
|
|a Hewes, Jeremy Joan.
|
| 245 |
1 |
0 |
|a Worksteads :
|b living and working in the same place /
|c Jeremy Joan Hewes ; photographs by David Seligman.
|
| 264 |
|
1 |
|a Garden City, N.Y. :
|b Dolphin Books,
|c [1981]
|
| 264 |
|
4 |
|c ©1981
|
| 300 |
|
|
|a ix, 165 pages :
|b illustrations ;
|c 26 cm.
|
| 336 |
|
|
|a text
|b txt
|2 rdacontent
|
| 337 |
|
|
|a unmediated
|b n
|2 rdamedia
|
| 338 |
|
|
|a volume
|b nc
|2 rdacarrier
|
| 500 |
|
|
|a "A Headlands Press Book."
|
| 504 |
|
|
|a Bibliography: 163-165.
|
| 650 |
|
0 |
|a Self-employed
|z United States.
|
| 999 |
|
|
|a MARS
|
| 999 |
f |
f |
|s a2b3f02c-064b-36a8-9f0a-9c122dece70a
|i cdad5ad5-7389-38c6-8b47-daab86539920
|t 0
|
| 952 |
f |
f |
|p ric
|a Texas A&M University
|b Rellis Campus
|c Joint Library Facility
|d Remote Storage
|t 0
|e HD8037.U5 H44
|h Library of Congress classification
|i unmediated -- volume
|m A14806129778
|
| 998 |
f |
f |
|a HD8037.U5 H44
|t 0
|l Remote Storage
|